|
|
|
|
| LEADER |
01206nam a2200301 a 4500 |
| 001 |
37771 |
| 003 |
BD-DhAAL |
| 005 |
20220224151430.0 |
| 008 |
220224t1987 maua b 001 0 eng |
| 999 |
|
|
|c 43582
|d 43582
|
| 010 |
|
|
|a 86027190
|
| 020 |
|
|
|a 0316317675 (pbk.)
|
| 040 |
|
|
|a DLC
|c DLC
|d DLC
|d BD-DhAAL
|
| 050 |
0 |
0 |
|a LB1051
|b .G567 1987
|
| 082 |
0 |
0 |
|a 370.15
|2 20
|
| 100 |
1 |
|
|a Glover, John A.,
|d 1949-
|9 46076
|
| 245 |
1 |
0 |
|a Educational psychology, principles and applications /
|c John A. Glover and Roger H. Bruning.
|
| 250 |
|
|
|a Second edition
|
| 260 |
|
|
|a Boston :
|b Little, Brown,
|c c1987.
|
| 300 |
|
|
|a xii, 692 pages :
|b illustrations ;
|c 23 cm.
|
| 504 |
|
|
|a Includes Bibliographical references(p. 646-683.) and indexes.
|
| 541 |
|
|
|a Complimentary copy from BIED
|e 37771
|
| 650 |
|
0 |
|a Educational psychology.
|9 46077
|
| 650 |
|
0 |
|a Teaching.
|9 46078
|
| 700 |
1 |
|
|a Bruning, Roger H.
|9 46079
|
| 852 |
|
|
|a Ayesha Abed Library
|c BIED Collection
|
| 942 |
|
|
|2 ddc
|c BK
|
| 952 |
|
|
|0 0
|1 0
|2 ddc
|4 0
|6 370_150000000000000_GLO
|7 0
|9 69896
|a BRACUL
|b BRACUL
|c GEN
|d 2022-02-24
|e Complimentary copy from BIED
|l 1
|m 30
|o 370.15 GLO
|p 3010037771
|r 2026-04-15
|s 2025-07-30
|t 1
|w 2022-02-24
|y BK
|x Transferred from BIED to General Stacks
|